000 00685nam a2200265Ia 4500
005 20250425161819.0
008 250425s9999 xx 000 0 und d
020 _a0284776828
041 _aspa
082 _a332.1
100 _aLATZKO, WILLIAM J
245 0 _aQUALITY AND PRODUCTIVITY FOR BANKERS AND FINANCIAL MANAGERS
250 _a1A ED.
260 _aEstados Unidos
_bMARCEL DERKER, INC.
_c1986
260 _aNEW YORK
300 _a207
500 _aQuality and reliability n. 10
650 _aBANCOS
650 _aCONTROL DE CALIDAD
650 _aCONTROL DE PROCESOS
650 _aPRODUCTIVIDAD
710 _aMARCEL DEKKER
942 _c01
010 _a30743
999 _c216645
_d216645